1545 1184 1899 1234 1299 1934 1794 1917 1902 1932 1792 1991 1039 1034 1393 1236 1353 1937 1236 1513 1423 1474 1274 1690 1129 1264 1881 1471 1765 1162 1118 1095 1820 1723 1203 1591 1683 1844 1455 1133 1155 1505 1653 1956 1481 1574 1517 1071 1701 1391 1029 1530 1046 1671 1908 1085 1202 1098 1566 1271 1172 1646 1514 1024 1511 1119 1398 1253 1023 1946 1728 1995 1621 1784 1146 1233 1900 1006 1596 1629 1447 1647 1398 1290 1823 1354 1266 1480 1440 1072 1318 1905 1184 1632 1944 1887 1009 1236 1433 BCNSPRNW ULIB Ver.6.0+V

เปลี่ยนเป็นภาษาไทย

Change to English
 แสดงรายละเอียดบรรณานุกรม
  กลับหน้าหลัก

Brief Record : Get Marc (ISO 2709) : E-mail record : QR code < ปิดหน้าต่าง
LEADER : 00000nam 2200000uu 4500
001    13399122502
003     ULIB
008    020711s2552 th a 000 0 tha d
020    9786167059235
090    นว.^bช32พ
100    ชญา
110    ไอวี่ บุ๊คเฮ้าส์
245    พ่ายรักอสูร./^cชญา
250    พิมพ์ครั้งที่ 1
260    กรุงเทพฯ :^bไอวี่ บุ๊คเฮ้าส์,^c2552
300    352 หน้า
945    ^p234^l0^i19961
999    ^aทศพร เกษรทอง
รายการนี้ยังไม่มีแท็ก
คุณยังไม่ได้ล็อกอิน คุณสามารถมีกิจกรรมร่วมกับเว็บไซต์ได้ แต่ต้องล็อกอินก่อน ::
  ล็อกอิน

รายการสื่อสารสนเทศ

ลำดับที่ ประเภท เลขเรียก/บาร์โค้ด สถานที่ สถานะ
1. นวนิยาย
นวนิยาย
นว. ช32พ  
  Barcode: 19961
ห้องสมุดวิทยาเขตสวรรค์ประชารักษ์
►นวนิยาย
บนชั้น
  ขอยืม

รายการใกล้เคียง
    ผู้แต่ง [ชญา]

BibComment


ยังไม่เคยถูกคอมเมนท์

คอมเมนท์ทรัพยากรรายการนี้
  คอมเมนท์: พ่ายรักอสูร ชญา


 Copyright 2026. Bcnsprnw @Library